Избранные песни: пер. с фр.

ग्रंथसूची विवरण
मुख्य लेखक: Беранже П. Ж. Пьер Жан
अन्य लेखक: Гранвиль (иллюстратор)
भाषा:रूसी
प्रकाशित: Москва, Издательство детской литературы ЦК ВЛКСМ, 1940
विषय:
स्वरूप: पुस्तक
KOHA link:https://koha.lib.tpu.ru/cgi-bin/koha/opac-detail.pl?biblionumber=355866

MARC

LEADER 00000nam0a2200000 4500
001 355866
005 20231102010834.0
035 |a (RuTPU)RU\TPU\retro\13126 
090 |a 355866 
100 |a 20200713h1940 e y0rusy50 ca 
101 1 |a rus  |c fre 
102 |a RU 
105 |a ac z 001zy 
200 1 |a Избранные песни  |e пер. с фр.  |f П. Ж. Беранже  |g худож. Гранвиль 
210 |a Москва  |c Издательство детской литературы ЦК ВЛКСМ  |d 1940 
215 |a 112 с.  |c ил. 
606 1 |a Французская литература  |x Произведения  |2 stltpush  |3 (RuTPU)RU\TPU\subj\64346  |9 81252 
610 1 |a французская поэзия 
610 1 |a Французская революция 1789-1799 
610 1 |a песни 
675 |a 84  |v 4 
700 1 |a Беранже  |b П. Ж.  |c французский поэт  |f 1780-1857  |g Пьер Жан  |2 stltpush  |3 (RuTPU)RU\TPU\pers\9271  |9 1827 
702 1 |a Гранвиль  |4 440 
801 1 |a RU  |b 63413507  |c 20200713 
801 2 |a RU  |b 63413507  |c 20200722  |g RCR 
942 |c BK